Código penal

Tallennettuna:
Bibliografiset tiedot
Aineistotyyppi: Kirja
Kieli:espanja
Julkaistu: Santiago LexisNexis 2005
Painos:6a. ed
Aiheet:
Tagit: Lisää tagi
Ei tageja, Lisää ensimmäinen tagi!

MARC

LEADER 00000nam a2200000 a 4500
001 UCI3564
003 CL-VaPUC
008 071116e20050000CL |||||||||||||||||spa|d
020 |a 9562384713 
082 0 4 |a 345.83  |b COD  |2 21 
245 1 0 |a Código penal 
250 |a 6a. ed 
300 |a 413 p 
942 |c BK 
945 |d 20071116 00:00:00  |a jtorresc 
260 |a Santiago  |b LexisNexis  |c 2005 
500 |a Incluye: Actas de jurisprudencia. Anotaciones y concordancias. Indice temático 
500 |a Actualizada al 13 de Diciembre de 2005 
650 0 |a Código penal  |9 255935 
651 7 |a CHILE  |2 CL-VaPUC  |9 524936 
583 |a last modification  |c 20071116 00:00:00  |k Rodrigo Vera 
999 |c 327709  |d 327707 
952 |0 0  |1 0  |2 ddc  |4 0  |6 345_830000000000000_COD_2005  |7 0  |8 FOND_LRYV  |9 410993  |a BIBDER  |b BIBDER  |d 2019-11-22  |i 4237005  |o 345.83 COD 2005  |p 4237005  |r 2023-01-25  |w 2019-11-22  |y BK_X  |k DER 
952 |0 0  |1 0  |2 ddc  |4 0  |6 345_830000000000000_COD_2005  |7 0  |8 FOND_LRYV  |9 410994  |a BIBDER  |b BIBDER  |d 2019-11-22  |i 4237013  |o 345.83 COD 2005  |p 4237013  |r 2023-01-25  |w 2019-11-22  |y BK_X  |k DER